Ten / (Record no. 204174)
[ view plain ]
| 000 -LEADER | |
|---|---|
| fixed length control field | 01167nam a2200265 i 4500 |
| 003 - CONTROL NUMBER IDENTIFIER | |
| control field | OSt |
| 005 - DATE AND TIME OF LATEST TRANSACTION | |
| control field | 20260512084450.0 |
| 008 - FIXED-LENGTH DATA ELEMENTS--GENERAL INFORMATION | |
| fixed length control field | 260512s2025 my grb 000 j eng d |
| 020 ## - INTERNATIONAL STANDARD BOOK NUMBER | |
| International Standard Book Number | 9786299585206 |
| Terms of availability | RM 30.00 |
| Qualifying information | paperback |
| 040 ## - CATALOGING SOURCE | |
| Original cataloging agency | PPAK |
| Language of cataloging | eng |
| Transcribing agency | PPAK |
| Description conventions | rda |
| 082 04 - DEWEY DECIMAL CLASSIFICATION NUMBER | |
| Edition number | 23 |
| Classification number | 823.0108092 |
| 090 00 - LOCALLY ASSIGNED LC-TYPE CALL NUMBER (OCLC); LOCAL CALL NUMBER (RLIN) | |
| Classification number (OCLC) (R) ; Classification number, CALL (RLIN) (NR) | 823.0108092 |
| Feature heading | LEI |
| Feature heading | G |
| 100 0# - MAIN ENTRY--PERSONAL NAME | |
| Personal name | Leia E., |
| Fuller form of name | (Leia Emeera Zairudin), |
| Relator term | author. |
| 245 10 - TITLE STATEMENT | |
| Title | Ten / |
| Statement of responsibility, etc. | Leia Emeera Zairudin |
| 264 #1 - PRODUCTION, PUBLICATION, DISTRIBUTION, MANUFACTURE, AND COPYRIGHT NOTICE | |
| Place of production, publication, distribution, manufacture | Shah Alam, Selangor : |
| Name of producer, publisher, distributor, manufacturer | Leia Emeera Bt Mohd Zairudin, |
| Date of production, publication, distribution, manufacture, or copyright notice | 2025 |
| 300 ## - PHYSICAL DESCRIPTION | |
| Extent | 116 pages ; |
| Dimensions | 20 cm |
| 336 ## - CONTENT TYPE | |
| Content type term | text |
| Source | rdacontent |
| 337 ## - MEDIA TYPE | |
| Media type term | unmediated |
| Source | rdamedia |
| 338 ## - CARRIER TYPE | |
| Carrier type term | volume |
| Source | rdacarrier |
| 520 ## - SUMMARY, ETC. | |
| Summary, etc. | Ten is an anthology of short fictional stories written between the ages of thirteen and nineteen, arranged chronologically.-- Back cover |
| Summary, etc. | TEN — a haunting collection of ten dark, twisted short stories that blur the line between horror, humour, and the human psyche. Each story is crafted with gripping prose and sharp insight, drawing readers into chilling yet thought-provoking worlds. |
| 650 10 - SUBJECT ADDED ENTRY--TOPICAL TERM | |
| Topical term or geographic name entry element | Short stories, English |
| Topical term or geographic name entry element | English fiction |
| 942 ## - ADDED ENTRY ELEMENTS (KOHA) | |
| Source of classification or shelving scheme | Dewey Decimal Classification |
| Koha item type | Book |
| Withdrawn | Not for loan | Current library | Shelving location | Date acquired | Total Checkouts | Full call number | Barcode | Date last seen | Koha item type |
|---|---|---|---|---|---|---|---|---|---|
| Perpustakaan Alor Setar | Pinjaman Dewasa | 13/05/2026 | 823.0108092 LEI | A01910691 | 13/05/2026 | Book | |||
| Perpustakaan Alor Setar | Pinjaman Dewasa | 13/05/2026 | 823.0108092 LEI | A01910692 | 13/05/2026 | Book | |||
| Perpustakaan Alor Setar | Pinjaman Dewasa | 13/05/2026 | 823.0108092 LEI | A01910694 | 13/05/2026 | Book | |||
| Perpustakaan Alor Setar | Pinjaman Dewasa | 13/05/2026 | 823.0108092 LEI | A01910698 | 13/05/2026 | Book | |||
| Perpustakaan Alor Setar | Pinjaman Dewasa | 13/05/2026 | 823.0108092 LEI | A01910699 | 13/05/2026 | Book | |||
| Perpustakaan Alor Setar | Pinjaman Dewasa | 13/05/2026 | 823.0108092 LEI | A01910700 | 13/05/2026 | Book | |||
| Perpustakaan Alor Setar | Pinjaman Dewasa | 13/05/2026 | 823.0108092 LEI | A01910701 | 13/05/2026 | Book | |||
| Perpustakaan Alor Setar | Pinjaman Dewasa | 13/05/2026 | 823.0108092 LEI | A01910702 | 13/05/2026 | Book | |||
| Perpustakaan Baling | Pinjaman Dewasa | 13/05/2026 | 823.0108092 LEI | A01910696 | 13/05/2026 | Book | |||
| Perpustakaan Bandar Baharu | Pinjaman Dewasa | 13/05/2026 | 823.0108092 LEI | A01910697 | 13/05/2026 | Book | |||
| Perpustakaan Jitra | Pinjaman Dewasa | 13/05/2026 | 823.0108092 LEI | A01910693 | 13/05/2026 | Book | |||
| Perpustakaan Kulim | Pinjaman Dewasa | 13/05/2026 | 823.0108092 LEI | A01910695 | 13/05/2026 | Book |